<?xml version="1.0" encoding="UTF-8"?>
<record
    xmlns:xsi="http://www.w3.org/2001/XMLSchema-instance"
    xsi:schemaLocation="http://www.loc.gov/MARC21/slim http://www.loc.gov/standards/marcxml/schema/MARC21slim.xsd"
    xmlns="http://www.loc.gov/MARC21/slim">

  <leader>01282nam a22002057a 4500</leader>
  <controlfield tag="008">120724t        xxu||||| |||| 00| 0 eng d</controlfield>
  <datafield tag="020" ind1=" " ind2=" ">
    <subfield code="a">007252815x</subfield>
  </datafield>
  <datafield tag="050" ind1=" " ind2=" ">
    <subfield code="a">QE28.2.P58</subfield>
  </datafield>
  <datafield tag="100" ind1=" " ind2=" ">
    <subfield code="a">Plummer, Charles C.</subfield>
  </datafield>
  <datafield tag="245" ind1=" " ind2=" ">
    <subfield code="a">Physical geology. /</subfield>
    <subfield code="c">Charles C. Plummer, David McGeary and Diane H. Carlson</subfield>
  </datafield>
  <datafield tag="250" ind1=" " ind2=" ">
    <subfield code="a">10th ed.</subfield>
  </datafield>
  <datafield tag="260" ind1=" " ind2=" ">
    <subfield code="a">Boston:</subfield>
    <subfield code="b">Higher education,</subfield>
    <subfield code="c">c2005.</subfield>
  </datafield>
  <datafield tag="300" ind1=" " ind2=" ">
    <subfield code="a">xix, 580 + various pagings:</subfield>
    <subfield code="b">ill.;</subfield>
    <subfield code="c">28cm.</subfield>
  </datafield>
  <datafield tag="500" ind1=" " ind2=" ">
    <subfield code="a">Includes index.</subfield>
  </datafield>
  <datafield tag="505" ind1=" " ind2=" ">
    <subfield code="a">Contens: Introducing geology and an overview of important concepts -- Atoms, elements, and minerals -- Igneous rocks, intrusive activity, and the origin of igneous rocks -- Volcanism and extrusive rocks -- Weathering and soil -- Sediment and sedimentary rocks -- Metamorphism, metamorphic rocks, and hydrothermal rocks -- Time and geology -- Mass wasting -- Streams and floods -- Ground water -- Glaciers and glaciation -- Desert and wind action -- Waves, beaches, and coasts -- Geologic structures -- Earthquakes -- Earth's interior and geophysical properties -- The Sea floor -- Plate tectonics -- Mountain belts and the continental crust -- Geologic resources -- The Earth's companions. </subfield>
  </datafield>
  <datafield tag="650" ind1=" " ind2=" ">
    <subfield code="b">Geology.</subfield>
  </datafield>
  <datafield tag="700" ind1=" " ind2=" ">
    <subfield code="a">McGeary, David (Late)</subfield>
  </datafield>
  <datafield tag="700" ind1=" " ind2=" ">
    <subfield code="a">Carlson, Diane H.</subfield>
  </datafield>
  <datafield tag="942" ind1=" " ind2=" ">
    <subfield code="2">lcc</subfield>
    <subfield code="c">BK</subfield>
  </datafield>
  <datafield tag="999" ind1=" " ind2=" ">
    <subfield code="c">1817</subfield>
    <subfield code="d">9317</subfield>
  </datafield>
  <datafield tag="952" ind1=" " ind2=" ">
    <subfield code="0">0</subfield>
    <subfield code="1">0</subfield>
    <subfield code="2">lcc</subfield>
    <subfield code="4">0</subfield>
    <subfield code="7">0</subfield>
    <subfield code="a">WIUC-1</subfield>
    <subfield code="b">WIUC-1</subfield>
    <subfield code="c">GEN</subfield>
    <subfield code="d">2012-07-24</subfield>
    <subfield code="l">0</subfield>
    <subfield code="o">QE28.2.P58</subfield>
    <subfield code="p">4833/12</subfield>
    <subfield code="r">2012-07-24 00:00:00</subfield>
    <subfield code="t">1</subfield>
    <subfield code="w">2012-07-24</subfield>
    <subfield code="y">BK</subfield>
  </datafield>
  <datafield tag="952" ind1=" " ind2=" ">
    <subfield code="0">0</subfield>
    <subfield code="1">0</subfield>
    <subfield code="2">lcc</subfield>
    <subfield code="4">0</subfield>
    <subfield code="7">0</subfield>
    <subfield code="a">WIUC-1</subfield>
    <subfield code="b">WIUC-1</subfield>
    <subfield code="c">GEN</subfield>
    <subfield code="d">2012-07-24</subfield>
    <subfield code="l">0</subfield>
    <subfield code="o">QE28.2.P581</subfield>
    <subfield code="p">4834/12</subfield>
    <subfield code="r">2012-07-24 00:00:00</subfield>
    <subfield code="t">2</subfield>
    <subfield code="w">2012-07-24</subfield>
    <subfield code="y">BK</subfield>
  </datafield>
</record>
